000 01133nam a2200265Ia 4500
003 OSt
005 20220923211519.0
006 a|||||r|||| 00| 0
007 ta
008 220922b |||||||| |||| 00| 0 hin d
020 _a9789380467986 (hbk)
_c600
024 _a261,343
037 _b105, 04/10/2011, Vidyanidhi Prakashan
_cTextual
040 _aARTS
_cARTS
_bhin
041 _2hin
_ahin
082 _a2:97(P15), 152Q1
100 _aतिवारी, दिनेश कुमार
_9160662
245 0 _aसंस्कृत एवं प्राच्य विद्या के प्रमुख सन्दर्भ एवं सूचना स्रोत
246 _aSanskṛut evan prāchya vidyā ke pramukh sandarbha evan sūchanā srota
260 _aवाराणसी
_b कला प्रकाशन
_c2011
300 _a240पृ.
_ccm.
650 _aपुस्तकालय प्रलेखन
_9160663
942 _h2:97(P15), 152Q1
_cTEXL
_2CC
999 _c300292
_d300292